Köröket a felhőkbe karcoló Schilling Árpád lazán veszi az életet ...

Bibliographic Details
Main Author: Rozbroy, Viktor, 1981- (Author, Interviewer)
Format: Article
Language:Hungarian
PhysicalDescription:Fotogr.
Subjects:

MARC

LEADER 00000nab a2200000 ar4500
001 vtls009003809
003 SK-MaSNL
005 20260319071301.0
008 070516c20070512xo ||||||h| 000 b|hun
015 |a SNBRB2007/05  |2 snkbucl 
038 |a SNKBUCL 
040 |a DSZK  |b slo  |c DSZK  |e AACR2 
041 0 |a hun 
044 |a xo  |c SK 
080 |a 792.071.2  |2 1997 
080 |a 929 Schilling, Árpád  |2 1997 
100 1 |a Rozbroy, Viktor,  |d 1981-   |4 ivr  |4 aut  |9 852077 
245 1 0 |a Köröket a felhőkbe karcoló  |b Schilling Árpád lazán veszi az életet ...  |c Rozbroy Viktor 
300 |b Fotogr. 
600 1 7 |a Schilling, Árpád,  |d 1974-  |2 snkbucl  |9 849226 
655 7 |a rozhovory  |2 snkbucl  |9 31831 
773 0 |t Új szó  |g Évf. 60, sz. 108 (12.5.2007), o. 11 
773 0 8 |i Mell.:  |t Szalon  |g Évf. 1, sz. 18 (2007) 
852 |a SNK  |b KIS3GCP 
852 |a DSZK  |b KIS3GCP 
958 |a HU 
958 |a BC 
999 |c 1751867  |d 1753797